000 00519nam a2200205Ia 4500
003 OSt
005 20241109100225.0
008 210210b1983 xxu||||| |||| 00| 0 eng d
040 _cAL
041 _aEnglish
082 _a954.871 DSOH
100 _aD'SOUZA (A. L. P)
_970930
245 _aHistory of the catholic community of south kanara
260 _aMangalore.
_bPreeti Books.,
_c1983
300 _a77
650 _aSouth Canara
_9184682
690 _aSouth Kanara
_970931
906 _a039841
942 _2ddc
_cBK
999 _c89700
_d89700